Herramienta metodológica para la formulación de programas de gestión del riesgo de desastres en los servicios de acueducto, alcantarillado y aseo (Registro nro. 9052)

Detalles MARC
000 -CABECERA
Campo de control 01668nam a22002537a 4500
005 - FECHA Y HORA DE LA ULTIMA TRANSACCION
Campo de control 20150205092235.0
008 - ELEMENTOS DE LONGITUD FIJA—INFORMACION GENERAL
Campo de control 150205b2014 ck |||||r|||| 00| 0 spa d
020 ## - ISBN
ISBN 9789585763173
040 ## - FUENTE DE CATALOGACIÓN
Agencia catalogadora original Co-BoIAVH
Agencia transcriptora Co-BoIAVH
041 ## - IDIOMA
Código de idioma para texto/pista de sonido o título separado Español
044 ## - PAÍS DE PUBLICACIÓN
País de publicación Colombia
082 04 - NUMERO DE CLASIFICACION DECIMAL DEWEY
Número de clasificación 363.6
Número del ítem U57h
110 2# - ASIENTO PRINCIPAL--NOMBRE CORPORATIVO
Nombre corporativo o de jurisdicción como elemento de entrada Unidad Nacional para la Gestión del Riesgo de Desastres
Unidad subordinad Sistema Nacional de Gestión del Riesgo de Desastres
9 (RLIN) 32669
245 10 - MENCION DE TITULO
Título Herramienta metodológica para la formulación de programas de gestión del riesgo de desastres en los servicios de acueducto, alcantarillado y aseo
260 ## - PUBLICACION, DISTRIBUCION, ETC. (PIE DE IMPRENTA)
Lugar de publicación, distribución, etc. Bogotá:
Nombre del editor, distribuidor, etc. Unidad Nacional para la Gestión del Riesgo de Desastres,
Fecha de publicación, distribución, etc. 2014.
300 ## - DESCRIPCION FISICA
Extensión 64 p.
Otros detalles físicos ilustraciones,
Dimensiones 28 cm.
520 ## - NOTA DE RESUMEN, ETC.
Nota de resumen El presente documento, orientado a los prestadores de servicios públicos de acueducto, alcantarillado y aseo del país, es el resultado de un esfuerzo del Ministerio de Vivienda, Ciudad y Territorio, a través del Viceministerio de Agua y Saneamiento Básico, en conjunto con entidades como el Fondo de las Naciones Unidas para la Infancia - UNIFEC- con el apoyo de la Unidad Nacional para la Gestión del Riesgo de Desastres UNGRD de la presidencia de la República, para formular los programas de gestión del riesgo de desastres sectoriales.
650 #6 - ASIENTO SECUNDARIO DE MATERIA - TERMINO TEMATICO
Término temático o nombre geográfico como elemento de entrada Servicios públicos domiciliarios
Subdivisión general Escenarios de riesgos
9 (RLIN) 32670
650 #6 - ASIENTO SECUNDARIO DE MATERIA - TERMINO TEMATICO
Término temático o nombre geográfico como elemento de entrada Servicios públicos domiciliarios
Subdivisión general Prevención de desastres
9 (RLIN) 32671
650 #6 - ASIENTO SECUNDARIO DE MATERIA - TERMINO TEMATICO
Término temático o nombre geográfico como elemento de entrada Servicios públicos
Subdivisión general Planes de emergencia
9 (RLIN) 32672
650 #6 - ASIENTO SECUNDARIO DE MATERIA - TERMINO TEMATICO
Término temático o nombre geográfico como elemento de entrada Acueductos
Subdivisión general Factores de vulnerabilidad
9 (RLIN) 32673
710 2# - ASIENTO SECUNDARIO - NOMBRE CORPORATIVO
Nombre corporativo o de jurisdicción como elemento de entrada Colombia.
Unidad subordinada Ministerio de Vivienda, Ciudad y Territorio.
9 (RLIN) 32674
942 ## - ELEMENTOS ADICIONALES (KOHA)
Sistema de clasificación Dewey Decimal Classification
Tipo de ítem Folleto
Existencias
Withdrawn status Lost status Sistema de Clasificación Damaged status No para préstamo Colección Inventariado Ubicación Permanente Ubicación actual Fecha de adquisición Total Checkouts Número topográfico Inventario / Código de Barras Date last seen Ejemplar Price effective from Forma de adquisición Tipo de material
    Dewey Decimal Classification     General Inventariado 2017 Bogotá Bogotá 05/02/2015   LB-363.6 U57h 038666 05/02/2015 Ej. 1 05/02/2015 Canje Folleto